[Event "Olot Volcans op 3rd"]
[Site "Olot"]
[Date "2012.06.16"]
[Round "7"]
[White "Nadal Rebantos, Joan"]
[Black "Deulonder Camins, Xavier"]
[Result "0-1"]
[WhiteElo "1789"]
[BlackElo "2048"]
[PlyCount "77"]
[EventDate "2012.05.26"]
[EventType "swiss"]
[EventRounds "8"]
[EventCountry "ESP"]
[SourceTitle "CBM 148 Extra"]
[Source "ChessBase"]
[SourceDate "2012.06.22"]
[SourceVersion "1"]
[SourceVersionDate "2012.06.22"]
[SourceQuality "1"]

1. e4 e5 2. Nf3 Nc6 3. Bb5 a6 4. Ba4 Nf6 5. d3 b5 6. Bb3 Be7 7. 0-0 d6 8. c3 Na5 9. Bc2 c5 10. Re1 0-0 11. Nbd2 Re8 12. Nf1 Bf8 13. h3 g6 14. Ne3 Bg7 15. a4 Bd7 16. b4 cxb4 17. cxb4 Nc6 18. Qd2 Qb6 19. Bb2 bxa4 20. Nc4 Qxb4 21. Bxa4 Reb8 22. Bxc6 Qxd2 23. Nfxd2 Bxc6 24. Reb1 Bb5 25. Ba3 Bf8 26. Bxd6 Bxd6 27. Nxd6 Bxd3 28. Rxb8+ Rxb8 29. N6c4 Nxe4 30. Nxe5 Nxd2 31. Nxd3 Ra8 32. Ra5 Nc4 33. Ra4 Nd6 34. Nc5 a5 35. Nb3 Nb7 36. Kf1 Kg7 37. Ke2 Kf6 38. Ke3 Kg5 39. h4+ 0-1